000 00794nam a2200253Ia 4500
001 Z_5802
003 CHAP
008 220113s2009 xx 000 0 und d
010 _a169001
040 _cCHAP
090 _aTesis C 2129
100 _aCiriaco Mariano, Ramón Andrés
_923390
245 _aConsumo de mataeria seca y energía por vacas lecheras pastoreando pastizal nativo en Marcos Castellanos, Michoacán /
_cRamón Andrés Ciriaco Mariano y Humberto Gómez Grande
260 _aChapingo, Méx. :
_bEl autor,
_c2009
300 _a41
502 _aTesis (Ing. Agr. Esp. en Zootecnia) -- UACH. Departamento de Zootecnia
700 _aGómez Grande, Humberto
_9143336
901 _aTESIS C 2129
902 _aA
910 _a2009
942 _c2
942 _c2
999 _c169001
_d169001